000 00460cam a2200193ua 4500
001 4365
005 20260515113824.0
008 111224n ii |||gr||||Z||||||asm
040 _cMAIN
082 _a398.054162
100 1 _aPhukan, Sarat Kumar,
245 1 1 _aNamtatva
_cby Sarat Kumar Phukan
250 _a1st.
260 _aGuwahati:
_bSuprity Phukan,
_c2006.
300 _a233p:
_c23cm.
653 _aAssamese culture
653 _aNamtatva
942 _cBK
999 _c4176
_d4176